000 00607nam a2200193Ia 4500
008 131103s9999 xx 000 0 und d
020 _cRs.7
040 _aLoreto College
041 _aEnglish
082 _a891.43/PRA
_bLCLIB/15080
100 _aPravin,Sahid
245 _aNaari Vivah Aur Sadachar
_b Nar - Nari Ka Sakh,Vivha Tatha Nautik Sambodh ka Ek Krantikari Vivachan
_cSahid Pravin
260 _a[s.n.]
_bSahitya Prakashan
_c1960
300 _a228 p.
_c 21 cm.
504 _aInccludes bibliographical references
650 _aHindi Litterature - Indian Women
850 _aLCLIB
942 _cBK
999 _c18007
_d68486